[Event "Ljubljana op 16th"]
[Site "Ljubljana"]
[Date "2005.07.14"]
[Round "8"]
[White "Groszpeter, Attila"]
[Black "Soln, Primoz"]
[Result "1-0"]
[WhiteElo "2525"]
[BlackElo "2351"]
[PlyCount "61"]
[EventDate "2005.07.09"]
[EventType "swiss"]
[EventRounds "9"]
[EventCountry "SLO"]
[SourceTitle "CBM 107 Extra"]
[Source "ChessBase"]
[SourceDate "2005.09.01"]
[SourceVersion "1"]
[SourceVersionDate "2005.09.01"]
[SourceQuality "1"]

1. e4 c6 2. d4 d5 3. e5 Bf5 4. Nd2 e6 5. Nb3 Nd7 6. Nf3 Ne7 7. Be2 h6 8. 0-0 g5 9. Ne1 Rg8 10. a4 g4 11. Nd3 Ng6 12. Bxg4 Nh4 13. Bxf5 Rxg2+ 14. Kh1 exf5 15. Qh5 Rg5 16. Bxg5 Qxg5 17. Qxg5 hxg5 18. Rae1 Nf3 19. Re3 g4 20. Rxf3 gxf3 21. Nd2 Bh6 22. Nxf3 Ke7 23. Rg1 Rh8 24. Rg3 b6 25. c3 Nf8 26. Nb4 Kd7 27. Ng5 a5 28. Nxf7 Rh7 29. Nxh6 axb4 30. Nxf5 Rf7 31. Rg7 1-0